000 00358nam a2200157Ia 4500
008 210210b1930 xxu||||| |||| 00| 0 eng d
041 _aeng
082 _a828/46
100 _aBELLOC (H)
245 _aOliver Cromwell
260 _aLondon
_bErnest Benn Limited
_c1930
650 _aOliver
650 _aCromwell
690 _aBiography
906 _a015891
999 _c135281
_d135281